| 000 | 01113nam a22002537a 4500 | ||
|---|---|---|---|
| 005 | 20110125140113.0 | ||
| 008 | 110125t xxu||||| |||| 00| 0 mar d | ||
| 010 | _aHIN-93446 | ||
| 020 |
_a818855832x _c200.00 |
||
| 035 | _aHN-65792 | ||
| 037 | _bDBAD / PUB | ||
| 040 |
_aDPL _bHN |
||
| 082 | _a370 | ||
| 100 |
_925582 _aशर्मा, रामगोपाल 'दिनेश' |
||
| 245 |
_aराष्ट्रभाषा हिंदी और शिक्षा / _cरामगोपाल शर्मा 'दिनेश' |
||
| 260 |
_a जयपुर _bमाया प्रकाशन मंदिर _c2011 |
||
| 270 |
_aउदयसिंह मार्केट, त्रिपोलिया बाजार _bजयपुर |
||
| 300 |
_a136पृ _c22सेमी (सजिल्द) |
||
| 650 | _91169 | ||
| 650 | _930223 | ||
| 700 | _930272 | ||
| 942 |
_2ddc _cHN _h370 _mशर्मारा |
||
| 999 |
_c54509 _d54509 |
||